| 000 | 01155nam a2200301 i 4500 | ||
|---|---|---|---|
| 001 | 000036627 | ||
| 003 | DO-SdBNP | ||
| 005 | 20230503150455.0 | ||
| 007 | ta | ||
| 008 | 120123s1989 dr 001 0 spa d | ||
| 040 |
_aDO-SdBNP _bspa _cBNPHU _erda |
||
| 082 | 4 |
_a378.7293 _bV622d _222 |
|
| 100 | 1 |
_aViñas Román, Jaime A., _d1924- _962927 |
|
| 245 | 1 | 0 |
_aDesde mi escritorio de rector : _bmi paso por la UNPHU / _cJaime A. Viñas Román. |
| 264 |
_aSanto Domingo : _bUniversidad Nacional Pedro Henríquez Ureña, _c1989. |
||
| 300 |
_avolumen : _b23 cm. |
||
| 336 |
_2rdacontent _atexto _btxt |
||
| 337 |
_2rdamedia _asin mediación _bn |
||
| 338 |
_2rdacarrier _avolumen _bnc |
||
| 500 | _aLa biblioteca posee el volumen 1 y 2 | ||
| 590 | _aInventariado, 2018/ YL | ||
| 650 | 4 |
_aAdministración universitaria _zRepública Dominicana _xEnsayos, conferencias, etc. _962928 |
|
| 650 | 4 |
_aEducación superior _zRepública Dominicana _xEnsayos, conferencias, etc. _91128 |
|
| 650 | 4 |
_aUniversidades _zRepública Dominicana _xEnsayos, conferencias, etc. _918822 |
|
| 650 | 4 |
_aDiscursos _96584 |
|
| 910 | _aValidado. Control de calidad EMS | ||
| 942 |
_2ddc _cLBS1 |
||
| 999 |
_c36118 _d36118 |
||